<?xml version="1.0" encoding="UTF-8"?>
<collection xmlns="http://www.loc.gov/MARC21/slim">
 <record>
  <leader>01773nam a22002537a 4500</leader>
  <controlfield tag="001">NCT_4_016042</controlfield>
  <controlfield tag="008">250117b        xxu||||| |||| 00| 0 vie d</controlfield>
  <datafield tag="999" ind1=" " ind2=" ">
   <subfield code="c">8765</subfield>
   <subfield code="d">8765</subfield>
  </datafield>
  <datafield tag="020" ind1=" " ind2=" ">
   <subfield code="a">9786044036885</subfield>
   <subfield code="c">220000</subfield>
  </datafield>
  <datafield tag="082" ind1="0" ind2="4">
   <subfield code="2">23rd ed.</subfield>
   <subfield code="a">658.8</subfield>
   <subfield code="b">D309M</subfield>
  </datafield>
  <datafield tag="245" ind1="0" ind2="0">
   <subfield code="a">Digital marketing - Từ chiến lược đến thực thi</subfield>
   <subfield code="b">Nền tảng thành công cho chiến dịch Marketing thời đại số : Phiên bản cập nhật mới nhất</subfield>
   <subfield code="c">Hà Tuấn Anh, Lê Minh Tâm, Lê Thanh Sang...</subfield>
  </datafield>
  <datafield tag="260" ind1=" " ind2=" ">
   <subfield code="a">H.</subfield>
   <subfield code="b">Dân trí</subfield>
   <subfield code="c">2024</subfield>
  </datafield>
  <datafield tag="300" ind1=" " ind2=" ">
   <subfield code="a">247 tr.</subfield>
   <subfield code="b">Minh họa</subfield>
   <subfield code="c">24cm</subfield>
  </datafield>
  <datafield tag="520" ind1="3" ind2=" ">
   <subfield code="a">Giới thiệu hệ thống kiến thức nền tảng về chiến lược marketing về tổng quan, sáng tạo ý tưởng lớn, kế hoạch digital marketing, các kênh digital marketing phổ biến nội dung trong digital marketing cơ bản</subfield>
  </datafield>
  <datafield tag="653" ind1=" " ind2=" ">
   <subfield code="a">Truyền thông đa phương tiện</subfield>
  </datafield>
  <datafield tag="700" ind1="1" ind2=" ">
   <subfield code="a">Hà Tuấn Anh</subfield>
  </datafield>
  <datafield tag="700" ind1="1" ind2=" ">
   <subfield code="a">Lê Minh Tâm</subfield>
  </datafield>
  <datafield tag="710" ind1=" " ind2=" ">
   <subfield code="a">Lê Thanh Sang</subfield>
  </datafield>
  <datafield tag="942" ind1=" " ind2=" ">
   <subfield code="2">ddc</subfield>
   <subfield code="c">BK</subfield>
  </datafield>
  <datafield tag="952" ind1=" " ind2=" ">
   <subfield code="0">0</subfield>
   <subfield code="1">0</subfield>
   <subfield code="2">ddc</subfield>
   <subfield code="4">0</subfield>
   <subfield code="6">658_800000000000000_D309M</subfield>
   <subfield code="7">0</subfield>
   <subfield code="9">30114</subfield>
   <subfield code="a">000001</subfield>
   <subfield code="b">000001</subfield>
   <subfield code="d">2025-01-17</subfield>
   <subfield code="o">658.8 D309M</subfield>
   <subfield code="p">MD.23255</subfield>
   <subfield code="r">2025-01-17</subfield>
   <subfield code="v">220000.00</subfield>
   <subfield code="w">2025-01-17</subfield>
   <subfield code="y">BK</subfield>
  </datafield>
  <datafield tag="952" ind1=" " ind2=" ">
   <subfield code="0">0</subfield>
   <subfield code="1">0</subfield>
   <subfield code="2">ddc</subfield>
   <subfield code="4">0</subfield>
   <subfield code="6">658_800000000000000_D309M</subfield>
   <subfield code="7">0</subfield>
   <subfield code="9">30115</subfield>
   <subfield code="a">000001</subfield>
   <subfield code="b">000001</subfield>
   <subfield code="d">2025-01-17</subfield>
   <subfield code="l">2</subfield>
   <subfield code="o">658.8 D309M</subfield>
   <subfield code="p">MD.23256</subfield>
   <subfield code="r">2025-10-20</subfield>
   <subfield code="s">2025-10-06</subfield>
   <subfield code="v">220000.00</subfield>
   <subfield code="w">2025-01-17</subfield>
   <subfield code="y">BK</subfield>
  </datafield>
  <datafield tag="952" ind1=" " ind2=" ">
   <subfield code="0">0</subfield>
   <subfield code="1">0</subfield>
   <subfield code="2">ddc</subfield>
   <subfield code="4">0</subfield>
   <subfield code="6">658_800000000000000_D309M</subfield>
   <subfield code="7">0</subfield>
   <subfield code="9">30116</subfield>
   <subfield code="a">000001</subfield>
   <subfield code="b">000001</subfield>
   <subfield code="d">2025-01-17</subfield>
   <subfield code="o">658.8 D309M</subfield>
   <subfield code="p">MD.23257</subfield>
   <subfield code="r">2025-01-17</subfield>
   <subfield code="v">220000.00</subfield>
   <subfield code="w">2025-01-17</subfield>
   <subfield code="y">BK</subfield>
  </datafield>
  <datafield tag="952" ind1=" " ind2=" ">
   <subfield code="0">0</subfield>
   <subfield code="1">0</subfield>
   <subfield code="2">ddc</subfield>
   <subfield code="4">0</subfield>
   <subfield code="6">658_800000000000000_D309M</subfield>
   <subfield code="7">0</subfield>
   <subfield code="9">31619</subfield>
   <subfield code="a">000001</subfield>
   <subfield code="b">000001</subfield>
   <subfield code="d">2025-11-25</subfield>
   <subfield code="o">658.8 D309M</subfield>
   <subfield code="p">MD.24591</subfield>
   <subfield code="r">2025-11-25</subfield>
   <subfield code="v">220000.00</subfield>
   <subfield code="w">2025-11-25</subfield>
   <subfield code="y">BK</subfield>
  </datafield>
  <datafield tag="980" ind1=" " ind2=" ">
   <subfield code="a">Thư viện Trường Đại học Nam Cần Thơ</subfield>
  </datafield>
 </record>
</collection>
